| 000 | 01014nam a2200241Ia 4500 | ||
|---|---|---|---|
| 999 |
_c53466 _d53466 |
||
| 001 | 20512 | ||
| 003 | GE_BSU | ||
| 005 | 20210109215206.0 | ||
| 008 | 181216s1998||||ge |||||||||||||| ||geo|| | ||
| 040 | _cGE_BSU | ||
| 041 | _ageo | ||
| 080 | _a811.353.1-8(075.3) მ-74 | ||
| 100 |
_aმიქელაძე, ნ. _910023 |
||
| 245 |
_aქართული ენა : _bმე-10 კლასის სახელმძღვ. / _cნ. მიქელაძე, ვ. ხომერიკი ; რედ. ზ. ფირცხალაიშვილი. |
||
| 264 |
_aბათუმი : _bალიონი, _c1998. |
||
| 300 |
_a130 გვ. ; _c20 სმ. |
||
| 541 | _h5 ლ. | ||
| 653 | _aმე-10 კლასის სახელმძღვანელო | ||
| 653 | _aქართული ენა | ||
| 700 |
_aხომერიკი, ვ. _eავტორი _910024 |
||
| 700 |
_aფირცხალაიშვილი, ზ. _eრედაქტორი _93678 |
||
| 942 |
_cBK _2udc |
||